000 00553nam a2200157 4500
001 000019841
005 20200929170147.0
008 690923s1968 onc 000 1 eng
040 _aDO-SdBNP
_cspa
_dBNPHU
100 1 _aLowry, Malcolm,
_d1909-1957.
_912856
245 1 0 _aDark as the grave wherein my friend is laid. /
_cMalcolm Lowry ; Edited by Douglas Day & Margerie Lowry.
260 _aToronto :
_bGeneral Pub. Co.,
_c1968.
300 _axxiii, 255 p. ;
_c23 cm.
700 1 _aDay, Douglas,
_eed.
_912859
700 1 _aLowry, Margerie Bonner,
_eed.
_912858
999 _c19354
_d19354